000 00681cam a22002171 4500
001 sa 65008931
003 DLC
005 20260227112158.0
008 890913s1964 io 000 0 ind
010 _asa 65008931
035 _a(OCoLC)23537315
040 _aDLC
_cMiU
_dDLC
042 _apremarc
050 0 0 _aLAW
100 1 _aAidit, D. N.,
_d1923-1965,
_edefendant.
245 1 0 _aAidit menggugat peristiwa Madiun.
_bPembelaan D. N. Aidit dimuka Pengadilan Negeri Djakarta, tgl. 24 Februari 1955.
250 _aTjet. 4,
_bdisertai lampiran.
260 _aDjakarta,
_bJajasan Pembaruan,
_c1964.
300 _a83 p.
_bports.
_c18 cm.
610 1 0 _aIndonesia.
_bPengadilan Negeri.
999 _c65956
_d65956